000
00258nam a22001097a 4500
008
170126b xxu||||| |||| 00| 0 eng d
020
_a
046442738552
041
_a
eng
080
_2
26TH
_a
61
245
_a
STEDMAN'S MEDICAL DICTIONARY
_c
STEDMAN
942
_2
udc
_c
BK
999
_c
3781
_d
3781